00818 2200277 4500001002100000005001500021035002500036008004100061020002200102040001700124082001600141084001800157090002200175090002100197100002600218245011200244250001100356260003300367300004100400650002300441700001900464850001200483007000300495999002100498990002100519INLIS00000000000462820200603100008 a0010-041500000001694150428s2014 yoia br 1 ind d a978-979-29-4239-2 aYOPDYOGbind04222a398.245 a398.245 WIN k aDEP 398.245 WIN k aCB-D.11 2014-8480 aWinkanda Satria Putra00aKancil menipu gajah dan kumpulan cerita kancil lainnya /cWinkanda Satria Putra; penyunting, Risa Ambarizky aCet. 13 aYogyakarta :bRainbow,c2014 avi, 62 halaman :bilustrasi ;c19 cm 4aBacaan kanak-kanak0 aRisa Ambarizky aYOPDYOGta aCB-D.11/2014-848 aCB-D.11/2014-848